Bio kompost: jednoduché a prirodzené spôsoby prihnojovania záhrady /

Salvato in:
Dettagli Bibliografici
Autore principale: Pears, Pauline (Autore)
Natura: Libro
Lingua:slovacco
inglese
Pubblicazione: Bratislava: Ikar, 2017
Edizione:1. vyd.
Soggetti:
Tags: Aggiungi Tag
Nessun Tag, puoi essere il primo ad aggiungerne!!

MARC

LEADER 00000nam a22000003a 4500
001 0094007
003 SK-STU
005 20220216112250.0
007 ta
008 220216s ----xo-----e------000-0-----d
020 |a 978-80-551-5506-7 
040 |a STU  |b slo 
041 0 |a slo  |h eng 
044 |a xo 
100 1 |a Pears, Pauline  |4 aut  |r Z6 
245 1 0 |a Bio kompost:  |b jednoduché a prirodzené spôsoby prihnojovania záhrady /  |c aut. Pauline Pears 
250 |a 1. vyd. 
260 |a Bratislava:  |b Ikar,  |c 2017 
300 |a 192 s.  |e Príroda 
650 0 7 |a kompostovanie 
996 |b 284V037743  |c V* 53332/O-24492  |l VVT  |s A  |a 24  |w 0094007_0001